Los jóvenes delincuentes (Registro nro. 86)

Detalles MARC
000 -Cabecera
Campo de control de longitud fija 00592aam a2200229 4500
005 - Fecha y hora de la última transacción
Campo de control 20260406154423.0
008 - Elementos de longitud fija--Información general
Campo de control de longitud fija 150720b1967 xxu||||| |||| 00| 0 spa d
041 ## - Idioma
Código de idioma Español
082 ## - Clasificación Decimal Dewey
Número de clasificación 364.36 S113d
100 ## - Entrada principal--Autor personal
Nombre personal Sabater Tomas, Antonio
9 (RLIN) 14411
245 ## - Título propiamente dicho
Título Los jóvenes delincuentes
260 ## - Pie de imprenta
Lugar de publicación, distribución, etc. España
260 ## - Pie de imprenta
Nombre del editor, distribuidor, etc. Hispano Europea
260 ## - Pie de imprenta
Fecha de publicación, distribución, etc. 1967
300 ## - Descripción física
Extensión 357 páginas
490 ## - Serie
Título de la Serie Investigación Criminal
650 ## - Materia general
Temática (materia general) SOCIOLOGÍA CRIMINAL
650 ## - Materia general
Temática (materia general) PERSONALIDAD HUMANA
650 ## - Materia general
Temática (materia general) DELINCUENCIA JUVENIL
650 ## - Materia general
Temática (materia general) COMPORTAMIENTO DELICTIVO
942 ## - Punto de acceso adicional KOHA
Tipo de ítem KOHA Libro
Fuente del sistema de clasificación o colocación Dewey Decimal Classification
Existencias
Signatura completa Código de barras Programa Académico Tipo de ítem
364.36 S113d 488 Investigación Criminal Libro